LIBRARY & INFORMATION CENTRE, KCAET, TAVANUR

ONLINE PUBLIC ACCESS CATALOGUE (OPAC)

Medical entomology / (Record no. 10184)

MARC details
000 -LEADER
fixed length control field 00473cam a2200193ua 4500
041 ## - LANGUAGE CODE
Language code of text/sound track or separate title eng
082 ## - DEWEY DECIMAL CLASSIFICATION NUMBER
Classification number 616.968
Item number HER/ME
100 ## - MAIN ENTRY--AUTHOR NAME
Personal name Herms, Wiliam B .
245 ## - TITLE STATEMENT
Title Medical entomology /
250 ## - EDITION STATEMENT
Edition statement 5 /
260 ## - PUBLICATION, DISTRIBUTION, ETC. (IMPRINT)
Place of publication New York :
Name of publisher Macmillan Company ,
Year of publication 1961.
300 ## - PHYSICAL DESCRIPTION
Number of Pages 616 ; .
700 1# - ADDED ENTRY--PERSONAL NAME
Personal name James, Maurice T .
942 ## - ADDED ENTRY ELEMENTS (KOHA)
Koha item type Books
Holdings
Withdrawn status Lost status Damaged status Home library Current library Date acquired Full call number Accession Number Koha item type
      KAUAET KAUAET 07/04/2012 616.968 4319 Books
free website counter